000
00345pab a2200145 454500
008
180718b2006 xxu||||| |||| 00| 0 eng d
100
_a
Banerjee, Sumanta
245
_a
Hour of the assassins
260
_c
2006
300
_a
p.4329-331.
362
_a
14 Oct
650
_a
Terrorism
773
_a
Economic and Political Weekly
909
_a
72010
999
_c
72010
_d
72010